<?xml version="1.0" encoding="UTF-8"?><?xml-stylesheet type="text/xsl" href="static/style.xsl"?><OAI-PMH xmlns="http://www.openarchives.org/OAI/2.0/" xmlns:xsi="http://www.w3.org/2001/XMLSchema-instance" xsi:schemaLocation="http://www.openarchives.org/OAI/2.0/ http://www.openarchives.org/OAI/2.0/OAI-PMH.xsd"><responseDate>2026-04-27T21:51:36Z</responseDate><request verb="GetRecord" identifier="oai:uvadoc.uva.es:10324/65976" metadataPrefix="marc">https://uvadoc.uva.es/oai/request</request><GetRecord><record><header><identifier>oai:uvadoc.uva.es:10324/65976</identifier><datestamp>2024-02-09T11:52:00Z</datestamp><setSpec>com_10324_1175</setSpec><setSpec>com_10324_931</setSpec><setSpec>com_10324_894</setSpec><setSpec>col_10324_1356</setSpec></header><metadata><record xmlns="http://www.loc.gov/MARC21/slim" xmlns:doc="http://www.lyncode.com/xoai" xmlns:xsi="http://www.w3.org/2001/XMLSchema-instance" xmlns:dcterms="http://purl.org/dc/terms/" xsi:schemaLocation="http://www.loc.gov/MARC21/slim http://www.loc.gov/standards/marcxml/schema/MARC21slim.xsd">
<leader>00925njm 22002777a 4500</leader>
<datafield tag="042" ind1=" " ind2=" ">
<subfield code="a">dc</subfield>
</datafield>
<datafield tag="720" ind1=" " ind2=" ">
<subfield code="a">Morán Rodríguez, Carmen</subfield>
<subfield code="e">author</subfield>
</datafield>
<datafield tag="260" ind1=" " ind2=" ">
<subfield code="c">2022</subfield>
</datafield>
<datafield tag="520" ind1=" " ind2=" ">
<subfield code="a">Estudio de algunas de las constantes en la narrativa hiperbreve de Antonio Pereira.</subfield>
</datafield>
<datafield tag="024" ind2=" " ind1="8">
<subfield code="a">Álvarez Méndez, Natalia (ed.), Entre la seda y el hierro. La creación poética y cuentística de Antonio Pereira, Madrid-Fránfort, Iberoamericana-Vervuert, 2022, 165-183.</subfield>
</datafield>
<datafield tag="024" ind2=" " ind1="8">
<subfield code="a">978-84-9192-310-7</subfield>
</datafield>
<datafield tag="024" ind2=" " ind1="8">
<subfield code="a">978-3-06860-349-1</subfield>
</datafield>
<datafield tag="024" ind2=" " ind1="8">
<subfield code="a">978-3-96869-350-7</subfield>
</datafield>
<datafield tag="024" ind2=" " ind1="8">
<subfield code="a">https://uvadoc.uva.es/handle/10324/65976</subfield>
</datafield>
<datafield tag="024" ind2=" " ind1="8">
<subfield code="a">165</subfield>
</datafield>
<datafield tag="024" ind2=" " ind1="8">
<subfield code="a">183</subfield>
</datafield>
<datafield tag="024" ind2=" " ind1="8">
<subfield code="a">Entre la seda y el hierro: la creación poética y cuentística de Antonio Pereira</subfield>
</datafield>
<datafield ind1=" " ind2=" " tag="653">
<subfield code="a">Literatura</subfield>
</datafield>
<datafield tag="245" ind1="0" ind2="0">
<subfield code="a">El largo camino hacia la mínima expresión: hiperbrevedad y fragmentarismo en la obra de Antonio Pereira</subfield>
</datafield>
</record></metadata></record></GetRecord></OAI-PMH>